[Event "New York President's Day IM-C"]
[Site "New York"]
[Date "2024.02.18"]
[Round "7"]
[White "Yoo, Eugene"]
[Black "Perez Avendano, Paul Omar"]
[Result "1-0"]
[WhiteElo "2190"]
[BlackElo "2218"]
[PlyCount "53"]
[EventDate "2024.02.15"]
[EventType "schev"]
[EventRounds "9"]
[EventCountry "USA"]
[SourceTitle "CB08_2024"]
[SourceDate "2024.02.21"]
[SourceVersion "1"]
[SourceVersionDate "2024.02.21"]
[SourceQuality "1"]

1. d4 Nf6 2. Nf3 c5 3. d5 b5 4. c4 bxc4 5. Nc3 d6 6. e4 Nbd7 7. Bxc4 g6 8. Bb5 Qc7 9. e5 dxe5 10. Qe2 e4 11. d6 Qb7 12. Ne5 Rb8 13. dxe7 Bg7 14. Qc4 Nd5 15. Bc6 Bxe5 16. Bxb7 N5b6 17. Qxe4 Bxb7 18. Qg4 h5 19. Qh3 Nf6 20. Bg5 Nh7 21. Be3 Nc4 22. 0-0-0 Nf6 23. Bxc5 Bf4+ 24. Kb1 Nd2+ 25. Ka1 Bc8 26. Qd3 Bf5 27. Qd4 1-0

[Event "Wch U18"]
[Site "Montesilvano"]
[Date "2023.11.14"]
[Round "2"]
[White "Yoo, Eugene"]
[Black "Pasti, Aron"]
[Result "0-1"]
[WhiteElo "2247"]
[BlackElo "2397"]
[PlyCount "90"]
[EventDate "2023.11.13"]
[EventType "swiss"]
[EventRounds "11"]
[EventCountry "ITA"]
[SourceTitle "CB48_2023"]
[SourceDate "2023.11.29"]
[SourceVersion "1"]
[SourceVersionDate "2023.11.29"]
[SourceQuality "1"]

1. d4 Nf6 2. Nf3 d5 3. g3 e6 4. Bg2 Be7 5. 0-0 0-0 6. c4 c6 7. b3 b6 8. Bb2 Bb7 9. Qc2 Nbd7 10. Nc3 Ba6 11. Rfd1 Rc8 12. e4 dxc4 13. Nd2 e5 14. dxe5 Ng4 15. Bh3 h5 16. Nxc4 Bxc4 17. bxc4 Qc7 18. f4 Bc5+ 19. Kh1 Nf2+ 20. Kg2 Nxd1 21. Rxd1 Rcd8 22. e6 Nf6 23. Rxd8 Rxd8 24. e5 Ng4 25. Bxg4 hxg4 26. Ne4 Be7 27. f5 fxe6 28. f6 Bb4 29. a3 Qd7 30. axb4 Qd3 31. Qxd3 Rxd3 32. Kf2 a5 33. c5 Rb3 34. Bd4 Rxb4 35. Ke3 b5 36. Ng5 a4 37. Nxe6 a3 38. Ba1 gxf6 39. exf6 Rb1 40. Bc3 b4 41. Be5 Re1+ 42. Kf4 Rxe5 43. Kxe5 a2 44. Kd6 a1Q 45. Ke7 Qa7+ 0-1

[Event "Pan American-ch U18 33rd"]
[Site "Chicago"]
[Date "2023.08.15"]
[Round "5"]
[White "Rusonik, Max"]
[Black "Yoo, Eugene"]
[Result "1/2-1/2"]
[WhiteElo "2175"]
[BlackElo "2194"]
[PlyCount "98"]
[EventDate "2023.08.12"]
[EventType "swiss"]
[EventRounds "9"]
[EventCountry "USA"]
[SourceTitle "EXT 2024"]
[Source "ChessBase"]
[SourceDate "2023.10.10"]
[SourceVersion "1"]
[SourceVersionDate "2023.10.10"]
[SourceQuality "1"]

1. e4 c5 2. Nf3 Nc6 3. d4 cxd4 4. Nxd4 e5 5. Nb5 d6 6. c4 g6 7. Bd3 Nf6 8. 0-0 Bg7 9. Bg5 0-0 10. N5c3 Be6 11. Na3 h6 12. Be3 Rc8 13. f3 Nh5 14. Rf2 Nf4 15. Bf1 Qg5 16. Kh1 Nh3 17. Re2 Qxe3 18. Rxe3 Nf2+ 19. Kg1 Nxd1 20. Rxd1 Nd4 21. Nd5 Kh7 22. Rc3 Rc5 23. Rdc1 Rd8 24. b4 Rc6 25. Nb5 a6 26. Na7 Rb8 27. Nxc6 bxc6 28. Nc7 Rxb4 29. c5 Bf8 30. Nxe6 fxe6 31. cxd6 Bxd6 32. Bxa6 Rb2 33. a4 Ra2 34. Rb1 Rxa4 35. Rb7+ Kg8 36. Bc4 Bb4 37. Rc1 Bd2 38. Bxe6+ Nxe6 39. Rcb1 c5 40. Re7 Nf8 41. Kf1 c4 42. Ke2 c3 43. Kd3 Ra2 44. Rc7 Bg5 45. g3 Rxh2 46. Rbb7 Rf2 47. Rg7+ Kh8 48. Rgf7 Kg8 49. Rg7+ Kh8 1/2-1/2

[Event "New York Summer 1000 GM IM-C"]
[Site "New York"]
[Date "2023.07.10"]
[Round "8.3"]
[White "Yoo, Eugene"]
[Black "Rama, Tejas"]
[Result "1-0"]
[WhiteElo "2135"]
[BlackElo "2277"]
[PlyCount "83"]
[EventDate "2023.07.06"]
[EventType "schev"]
[EventRounds "9"]
[EventCountry "USA"]
[SourceTitle "CBM 215 Extra"]
[Source "ChessBase"]
[SourceDate "2023.09.30"]
[SourceVersion "1"]
[SourceVersionDate "2023.09.30"]
[SourceQuality "1"]
[WhiteTeam "Team B"]
[BlackTeam "Team D"]
[WhiteTeamCountry "USA"]
[BlackTeamCountry "USA"]

1. Nf3 d5 2. g3 Nf6 3. Bg2 c5 4. 0-0 e6 5. d4 cxd4 6. Nxd4 Bc5 7. Nb3 Be7 8. c4 0-0 9. cxd5 Nxd5 10. e4 Nb4 11. Nc3 e5 12. Be3 b6 13. Qf3 Be6 14. Rac1 Nxa2 15. Nxa2 Bxb3 16. Nc3 Nd7 17. Nb5 a6 18. Nc7 Rc8 19. Nd5 Rxc1 20. Rxc1 Bxd5 21. exd5 Nc5 22. Qe2 a5 23. Qb5 f5 24. f4 exf4 25. Bxf4 Bd6 26. Bd2 h5 27. Rc4 Qe7 28. Bf3 f4 29. gxf4 g5 30. Qxb6 Rb8 31. Qc6 g4 32. Bd1 Nd3 33. Qa6 Re8 34. Rc8 Bc5+ 35. Kf1 Rxc8 36. Qxc8+ Kg7 37. Bc3+ Kg6 38. Bc2 Qe3 39. Qe6+ Qxe6 40. dxe6 Kf5 41. Bxd3+ Kxf4 42. Bf6 1-0